书目信息 |
| 题名: |
乱世佳人 下
|
|
| 作者: | 玛格丽特·米切尔 著 | |
| 分册: | ||
| 出版信息: | 上海 上海译文出版社 1996.10 |
|
| 页数: | 525-1071页 | |
| 开本: | 32开 | |
| 丛书名: | ||
| 单 册: | ||
| 中图分类: | I712.44 , I712.4 | |
| 科图分类: | ||
| 主题词: | 文学 , 文学 | |
| 电子资源: | ||
| ISBN: | 7-5327-1914-6 | |
| 000 | 00618nam0 2200205 45 | |
| 001 | 0752712199 | |
| 005 | 20071229144233.50 | |
| 010 | @a7-5327-1914-6@dCNY16.80 | |
| 100 | @a19991130d1996 km y0chiy0120 ea | |
| 101 | @achi | |
| 200 | 1 | @a乱世佳人 下@Aluan shi jia ren xia@f(美)玛格丽特·米切尔著@F(mei)ma ge li te·mi qie er zhu |
| 210 | @a上海@c上海译文出版社@d1996.10 | |
| 215 | @a525-1071页@c无图表@d32开 | |
| 606 | 0 | @a文学 |
| 606 | 0 | @a文学 |
| 690 | @aI712.44@v4 | |
| 690 | @aI712.4@v4 | |
| 701 | 0 | @a玛格丽特·米切尔@Ama ge li te·mi qie er@4著 |
| 801 | @aCN@bPerfectUser@c20071229 | |
| 905 | @aBZT@dI712.4@e70-2 | |
| 乱世佳人 下/(美)玛格丽特·米切尔著.-上海:上海译文出版社,1996.10 |
| 525-1071页:无图表;32开 |
| ISBN 7-5327-1914-6:CNY16.80 |
| ● |
| 相关链接 |
|
|
|
正题名:乱世佳人 下
索取号:I712.4/70-2
 
预约/预借
| 序号 | 登录号 | 条形码 | 馆藏地/架位号 | 状态 | 备注 |
| 1 | 18654 | 220003542 | 中心书库中库/打包BH1659/ [索取号:I712.4/70-2] | 在馆 |